000 00894nam a2200217Ia 4500
005 20250108124903.0
008 008 250107s9999 xx 000 0 hin d
037 _aTB
040 _aCRL
_bhin
_cCRL
041 _ahin
_2hin
084 _aO1593:g R0
084 _qCRL
100 _aबैरवा, राम निवास, ले.
245 0 _aअन्तर्राष्ट्रीय वित्तीय पूजी का साम्राज्य
_cबैरवा, राम निवास, ले.
260 _aनई दिल्ली, भारत
_bएटलांटिक पब्लिशर्स एण्ड डिस्ट्रीब्यूटर्स प्रा. लि.
_c2557
300 _a197पृ0
365 _aINR
_b220
650 _aअर्थशास्त्र
942 _cTB
_hO1593:g R0
999 _c1234945
_d1234945